[Event "Deutsche Ländermeisterschaft 2016"]
[Site "Hannover GER"]
[Date "2016.10.02"]
[Round "2"]
[White "Nguyen, Alex Dac-Vuong"]
[Black "Schneider, Jana"]
[Result "1/2-1/2"]
[Termination "normal"]
[Board "3.4"]
[WhiteElo "2160"]
[BlackElo "2046"]
[WhiteClock "01:18:38"]
[BlackClock "00:25:42"]
[WhiteTeam "Sachsen"]
[BlackTeam "Bayern"]
[PlyCount "89"]
[WhiteFideId "12984388"]
[BlackFideId "12924997"]
[EventCountry "GER"]
[EventRounds "7"]
[EventType "team-swiss"]
[EventDate "2016.09.30"]

1. e4 e6 2. d4 d5 3. e5 c5 4. c3 Nc6 5. Nf3 Bd7 6. a3 f6 7. exf6 Nxf6 8. Bd3 c4
9. Bc2 Bd6 10. O-O Qc7 11. Qe2 O-O 12. Re1 e5 13. Nxe5 Nxe5 14. dxe5 Bxe5 15.
h3 Rae8 16. Be3 Bh2+ 17. Kh1 Bf4 18. Qd2 Qe5 19. Qd4 Qd6 20. Nd2 Ng4 21. Nxc4
dxc4 22. Qxd6 Bxd6 23. hxg4 Bxg4 24. Bxa7 Ra8 25. Bd4 Ra5 26. Bd1 Bxd1 27.
Raxd1 Rb5 28. Re6 Bb8 29. Re7 Rf7 30. Re8+ Rf8 31. Rxf8+ Kxf8 32. Bc5+ Rxc5 33.
Rd8+ Ke7 34. Rxb8 Rb5 35. Rg8 Kf7 36. Rc8 Rxb2 37. Rxc4 Ra2 38. Rc7+ Kf6 39.
Rxb7 Rxa3 40. Rc7 Ra2 41. f3 Rc2 42. Kh2 h5 43. Kh3 g5 44. g3 Rf2 45. Rc6+
1/2-1/2

[Event "Deutsche Ländermeisterschaft 2016"]
[Site "Hannover GER"]
[Date "2016.10.02"]
[Round "2"]
[White "Tong, Kevin"]
[Black "Simon, Tessa"]
[Result "1-0"]
[Termination "normal"]
[Board "3.5"]
[WhiteElo "2049"]
[BlackElo "1913"]
[WhiteClock "00:53:26"]
[BlackClock "00:05:23"]
[WhiteTeam "Bayern"]
[BlackTeam "Sachsen"]
[PlyCount "65"]
[WhiteFideId "12913944"]
[BlackFideId "12929395"]
[EventCountry "GER"]
[EventRounds "7"]
[EventType "team-swiss"]
[EventDate "2016.09.30"]

1. e4 c5 2. Nf3 Nc6 3. d4 cxd4 4. Nxd4 Nf6 5. Nc3 e5 6. Ndb5 d6 7. Bg5 a6 8.
Na3 b5 9. Bxf6 gxf6 10. Nd5 Bg7 11. Bd3 Ne7 12. Nxe7 Qxe7 13. O-O O-O 14. c4 f5
15. Qh5 Rb8 16. exf5 e4 17. Rae1 Bb7 18. Kh1 bxc4 19. Bxe4 Bxe4 20. f3 Bxf3 21.
Qxf3 Qf6 22. Nxc4 Rfe8 23. Rd1 Rbd8 24. b3 Kh8 25. Rd3 Rg8 26. Nb6 Bf8 27. Nd5
Qg5 28. Qf2 Rc8 29. Rg3 Qh6 30. Qd4+ Bg7 31. f6 Bf8 32. Rxg8+ Kxg8 33. Qg4+ 1-0

[Event "Deutsche Ländermeisterschaft 2016"]
[Site "Hannover GER"]
[Date "2016.10.02"]
[Round "2"]
[White "Braun, Kristin"]
[Black "Bui, Ngoc Han Julia"]
[Result "1-0"]
[Termination "normal"]
[Board "3.7"]
[WhiteElo "1853"]
[BlackElo "1768"]
[WhiteClock "00:22:51"]
[BlackClock "00:17:39"]
[WhiteTeam "Bayern"]
[BlackTeam "Sachsen"]
[PlyCount "67"]
[WhiteFideId "24656534"]
[BlackFideId "12977055"]
[EventCountry "GER"]
[EventRounds "7"]
[EventType "team-swiss"]
[EventDate "2016.09.30"]

1. d4 Nf6 2. Nf3 g6 3. c4 Bg7 4. Nc3 O-O 5. e4 d6 6. Be2 e5 7. d5 a5 8. Bg5 h6
9. Bh4 Na6 10. O-O Qe8 11. Nd2 Bd7 12. b3 Nc5 13. a3 b6 14. b4 axb4 15. axb4
Na4 16. Qb3 Nxc3 17. Qxc3 Nh7 18. f3 f5 19. c5 Qf7 20. cxd6 cxd6 21. Nc4 Rac8
22. Qd2 g5 23. Nxd6 Qg6 24. Nxc8 Bxc8 25. Bf2 fxe4 26. fxe4 Nf6 27. Bd3 Nxe4
28. Bxe4 Qxe4 29. Bxb6 Bb7 30. d6 Qc6 31. Rxf8+ Bxf8 32. Bc5 e4 33. d7 e3 34.
Qa2+ 1-0

[Event "Deutsche Ländermeisterschaft 2016"]
[Site "Hannover GER"]
[Date "2016.10.02"]
[Round "2"]
[White "Peglau, Mirjam"]
[Black "Khamenya, Vitalia"]
[Result "1-0"]
[Termination "normal"]
[Board "3.8"]
[WhiteElo "1534"]
[BlackElo "1636"]
[WhiteClock "00:45:20"]
[BlackClock "00:02:08"]
[WhiteTeam "Sachsen"]
[BlackTeam "Bayern"]
[PlyCount "107"]
[WhiteFideId "16211138"]
[BlackFideId "12959260"]
[EventCountry "GER"]
[EventRounds "7"]
[EventType "team-swiss"]
[EventDate "2016.09.30"]

1. e4 e5 2. Nf3 Nc6 3. Bc4 Bc5 4. b4 Bxb4 5. c3 Ba5 6. d4 exd4 7. O-O Nge7 8.
cxd4 O-O 9. d5 Nb8 10. d6 Ng6 11. Ba3 c6 12. Nbd2 b5 13. Bb3 Bc3 14. Rb1 b4 15.
Bb2 Qf6 16. Nc4 Nf4 17. e5 Qg6 18. g3 Nd5 19. Ncd2 Ba6 20. Bc2 Qg4 21. Re1 Bxb2
22. Rxb2 Nc3 23. Qa1 Be2 24. Kg2 a5 25. a3 Na6 26. h3 Qh5 27. g4 Qh6 28. Bf5
Nc5 29. Qc1 g6 30. g5 Qg7 31. Bc2 Bb5 32. axb4 axb4 33. Ne4 N5xe4 34. Bxe4 Rfb8
35. Qc2 Bc4 36. Re3 Qf8 37. Nd4 Qd8 38. f4 Qb6 39. Rxc3 b3 40. Nxb3 Bxb3 41.
Rcxb3 Qa7 42. Rxb8+ Rxb8 43. Rxb8+ Qxb8 44. Qb1 Qa7 45. f5 Kf8 46. fxg6 hxg6
47. e6 dxe6 48. Bxc6 Qa6 49. Qb8+ Kg7 50. Qb2+ Kh7 51. Qc2 Qa5 52. h4 Qb4 53.
Qd3 Qxh4 54. Qh3 1-0

[Event "Deutsche Ländermeisterschaft 2016"]
[Site "Hannover GER"]
[Date "2016.10.02"]
[Round "2"]
[White "Schröder, Kevin"]
[Black "Baskin, Robert"]
[Result "1/2-1/2"]
[Termination "normal"]
[Board "4.1"]
[WhiteTitle "FM"]
[BlackTitle "FM"]
[WhiteElo "2266"]
[BlackElo "2402"]
[WhiteClock "00:50:20"]
[BlackClock "00:43:50"]
[WhiteTeam "Nordrhein-Westfalen"]
[BlackTeam "Hessen"]
[PlyCount "40"]
[WhiteFideId "12929840"]
[BlackFideId "24662402"]
[EventCountry "GER"]
[EventRounds "7"]
[EventType "team-swiss"]
[EventDate "2016.09.30"]

1. Nf3 Nf6 2. g3 g6 3. Bg2 Bg7 4. d4 d5 5. O-O O-O 6. c4 c6 7. b3 dxc4 8. bxc4
c5 9. Nc3 Ne8 10. Be3 Nd6 11. Qc1 Nxc4 12. Bh6 cxd4 13. Bxg7 Kxg7 14. Nb5 a6
15. Nbxd4 Nd6 16. Qc3 Kg8 17. Rac1 Bd7 18. Ne5 Nc6 19. Ndxc6 Bxc6 20. Nxc6 bxc6
1/2-1/2

[Event "Deutsche Ländermeisterschaft 2016"]
[Site "Hannover GER"]
[Date "2016.10.02"]
[Round "2"]
[White "Keller, Peter"]
[Black "Holtel, Jasper"]
[Result "1-0"]
[Termination "normal"]
[Board "4.2"]
[WhiteTitle "FM"]
[BlackTitle "FM"]
[WhiteElo "2240"]
[BlackElo "2194"]
[WhiteClock "00:39:53"]
[BlackClock "00:01:04"]
[WhiteTeam "Hessen"]
[BlackTeam "Nordrhein-Westfalen"]
[PlyCount "71"]
[WhiteFideId "1272105"]
[BlackFideId "12956376"]
[EventCountry "GER"]
[EventRounds "7"]
[EventType "team-swiss"]
[EventDate "2016.09.30"]

1. e4 c5 2. Nf3 d6 3. d4 cxd4 4. Nxd4 Nf6 5. Nc3 a6 6. h3 e6 7. g4 Nfd7 8. Be3
b5 9. a3 Bb7 10. Qd2 Nc6 11. O-O-O Rc8 12. g5 Nde5 13. f4 Nxd4 14. Qxd4 Nc4 15.
Bxc4 Rxc4 16. Qd3 Be7 17. h4 Qc7 18. Rhf1 Rxc3 19. bxc3 d5 20. e5 Bxa3+ 21. Kd2
O-O 22. Bd4 g6 23. h5 b4 24. cxb4 Bxb4+ 25. c3 Bc5 26. Rc1 Ra8 27. Rh1 Bf8 28.
Rh2 a5 29. hxg6 fxg6 30. Rch1 Ba6 31. Qh3 Qf7 32. f5 gxf5 33. g6 Qb7 34. Rg1
Bg7 35. Qxh7+ Kf8 36. Bc5+ 1-0

[Event "Deutsche Ländermeisterschaft 2016"]
[Site "Hannover GER"]
[Date "2016.10.02"]
[Round "2"]
[White "Browning, Alex"]
[Black "Nothnagel, Marian Can"]
[Result "0-1"]
[Termination "normal"]
[Board "4.3"]
[WhiteElo "2100"]
[BlackElo "1991"]
[WhiteClock "00:04:13"]
[BlackClock "00:14:33"]
[WhiteTeam "Nordrhein-Westfalen"]
[BlackTeam "Hessen"]
[PlyCount "68"]
[WhiteFideId "12984019"]
[BlackFideId "12921530"]
[EventCountry "GER"]
[EventRounds "7"]
[EventType "team-swiss"]
[EventDate "2016.09.30"]

1. e4 c5 2. Nf3 d6 3. d4 cxd4 4. Nxd4 Nf6 5. Nc3 a6 6. h3 e5 7. Nde2 h5 8. g3
Be6 9. Bg2 Be7 10. O-O Nbd7 11. Be3 Rc8 12. f4 Qc7 13. b3 Nc5 14. a4 Qc6 15. f5
Bd7 16. Nd5 Ncxe4 17. Nxf6+ Bxf6 18. c4 Bg5 19. Bxg5 Qc5+ 20. Kh2 Nxg5 21. Nc3
h4 22. g4 Bc6 23. Bxc6+ bxc6 24. Qe1 f6 25. Rd1 Rb8 26. Rd3 Rxb3 27. Qd2 Qxc4
28. Rxd6 O-O 29. Rd3 Ne4 30. Nxe4 Rxd3 31. Qg2 Re3 32. Nf2 Qf4+ 33. Kh1 Rf3 34.
g5 fxg5 0-1

[Event "Deutsche Ländermeisterschaft 2016"]
[Site "Hannover GER"]
[Date "2016.10.02"]
[Round "2"]
[White "Stork, Oliver"]
[Black "Wagner, Leopold Franziskus"]
[Result "1-0"]
[Termination "normal"]
[Board "4.4"]
[WhiteElo "2056"]
[BlackElo "1997"]
[WhiteClock "00:06:36"]
[BlackClock "00:56:02"]
[WhiteTeam "Hessen"]
[BlackTeam "Nordrhein-Westfalen"]
[PlyCount "137"]
[WhiteFideId "12955728"]
[BlackFideId "1641581"]
[EventCountry "GER"]
[EventRounds "7"]
[EventType "team-swiss"]
[EventDate "2016.09.30"]

1. c4 e6 2. Nf3 d5 3. b3 Nf6 4. g3 c5 5. Bg2 d4 6. e3 Nc6 7. exd4 Nxd4 8. O-O
Nxf3+ 9. Bxf3 Bd6 10. Bb2 Qc7 11. Nc3 Bd7 12. d4 cxd4 13. Qxd4 Bc5 14. Qd2 O-O
15. Ne4 Nxe4 16. Bxe4 Be7 17. Qd3 h6 18. Qe2 e5 19. Bxe5 Qb6 20. Qb2 f6 21. Bd4
Qc7 22. Qe2 Bc6 23. Bf5 Bd6 24. Qg4 Be8 25. Rfe1 Bf7 26. Bxf6 Bh5 27. Be6+ Kh8
28. Qxh5 Rxf6 29. Bd5 Bc5 30. Re8+ Rxe8 31. Qxe8+ Rf8 32. Qe6 Bxf2+ 33. Kg2 Bd4
34. Rf1 Bf6 35. Qf5 g5 36. Qg6 Qg7 37. Qxg7+ Kxg7 38. Bxb7 Rd8 39. Bd5 a5 40.
Re1 Bc3 41. Re7+ Kg6 42. Re6+ Kg7 43. Kf3 Rf8+ 44. Ke2 Bb4 45. Be4 Rd8 46. Bd3
Rh8 47. Ke3 Rf8 48. Rg6+ Kh7 49. Rf6+ Kg7 50. Rxf8 Kxf8 51. Kd4 Ke7 52. Kd5 Kd7
53. Bf5+ Kc7 54. c5 h5 55. Kc4 Ba3 56. Kb5 h4 57. gxh4 gxh4 58. Be4 Bb4 59. h3
Ba3 60. Kxa5 Bxc5 61. a4 Bb6+ 62. Kb5 Be3 63. b4 Bf2 64. a5 Be3 65. Ka6 Bf2 66.
b5 Kb8 67. b6 Bg3 68. Kb5 Bd6 69. a6 1-0

[Event "Deutsche Ländermeisterschaft 2016"]
[Site "Hannover GER"]
[Date "2016.10.02"]
[Round "2"]
[White "Runte, Moritz"]
[Black "Krastev, Alexander"]
[Result "1/2-1/2"]
[Termination "normal"]
[Board "4.5"]
[WhiteElo "1860"]
[BlackElo "1937"]
[WhiteClock "00:54:30"]
[BlackClock "00:20:19"]
[WhiteTeam "Nordrhein-Westfalen"]
[BlackTeam "Hessen"]
[PlyCount "66"]
[WhiteFideId "12991449"]
[BlackFideId "12989983"]
[EventCountry "GER"]
[EventRounds "7"]
[EventType "team-swiss"]
[EventDate "2016.09.30"]

1. e4 e5 2. Nf3 Nc6 3. Bc4 Bc5 4. c3 Nf6 5. d3 O-O 6. O-O d5 7. exd5 Nxd5 8.
Re1 Bg4 9. h3 Bh5 10. b4 Bb6 11. b5 Na5 12. g4 Bg6 13. Nxe5 Nxc4 14. dxc4 Qh4
15. Qf3 Nf6 16. Be3 Be4 17. Qg3 Qxg3+ 18. fxg3 Rfe8 19. c5 Rxe5 20. cxb6 Bxb1
21. Raxb1 axb6 22. Bd4 Rxe1+ 23. Rxe1 Re8 24. Re5 Rxe5 25. Bxe5 Ne8 26. g5 f6
27. gxf6 gxf6 28. Bf4 Kf7 29. Kf2 Ke6 30. Ke3 Kd5 31. Kd3 Nd6 32. Bxd6 cxd6 33.
g4 Ke5 {Ke4+} 1/2-1/2

[Event "Deutsche Ländermeisterschaft 2016"]
[Site "Hannover GER"]
[Date "2016.10.02"]
[Round "2"]
[White "Reinecke, Katharina"]
[Black "Möller, Lisa-Marie"]
[Result "1/2-1/2"]
[Termination "normal"]
[Board "4.6"]
[WhiteElo "1816"]
[BlackElo "1697"]
[WhiteClock "00:03:36"]
[BlackClock "00:09:48"]
[WhiteTeam "Hessen"]
[BlackTeam "Nordrhein-Westfalen"]
[PlyCount "59"]
[WhiteFideId "12929727"]
[BlackFideId "12959367"]
[EventCountry "GER"]
[EventRounds "7"]
[EventType "team-swiss"]
[EventDate "2016.09.30"]

1. d4 Nf6 2. Nf3 c5 3. d5 d6 4. Nc3 e5 5. e4 Nbd7 6. Be2 Be7 7. O-O O-O 8. Nd2
Re8 9. a4 b6 10. Re1 Nf8 11. a5 Bd7 12. Ba6 Rb8 13. Qe2 Ng6 14. Nb5 Nf4 15. Qf1
Bxb5 16. Bxb5 Rf8 17. Nc4 Ng6 18. Bd2 Ne8 19. axb6 axb6 20. Ra7 Nc7 21. Bc6 Ne8
22. Rea1 f5 23. exf5 Rxf5 24. Ra8 Nc7 25. R8a7 Nf4 26. Ne3 Rf7 27. g3 Nh5 28.
c4 Bg5 29. Qh3 Nf6 30. Qg2 1/2-1/2

[Event "Deutsche Ländermeisterschaft 2016"]
[Site "Hannover GER"]
[Date "2016.10.02"]
[Round "2"]
[White "Müdder, Melanie"]
[Black "Poetsch, Leonore"]
[Result "1-0"]
[Termination "normal"]
[Board "4.7"]
[WhiteElo "1565"]
[BlackElo "1801"]
[WhiteClock "00:56:42"]
[BlackClock "01:15:21"]
[WhiteTeam "Nordrhein-Westfalen"]
[BlackTeam "Hessen"]
[PlyCount "45"]
[WhiteFideId "12994103"]
[BlackFideId "12940372"]
[EventCountry "GER"]
[EventRounds "7"]
[EventType "team-swiss"]
[EventDate "2016.09.30"]

1. e4 e6 2. d4 d5 3. Nd2 Nf6 4. Bd3 dxe4 5. Nxe4 Bd7 6. Nf3 Be7 7. O-O Bc6 8.
Re1 O-O 9. c3 Nbd7 10. Bc2 Nxe4 11. Bxe4 Bxe4 12. Rxe4 Nf6 13. Rh4 c5 14. Qc2
cxd4 15. Rxd4 Qc7 16. Bf4 Qb6 17. Be3 Bc5 18. Rb4 Qc7 19. Rc4 Nd7 20. b4 b5 21.
Rh4 f5 22. bxc5 f4 23. Qxh7+ 1-0

[Event "Deutsche Ländermeisterschaft 2016"]
[Site "Hannover GER"]
[Date "2016.10.02"]
[Round "2"]
[White "Walter, Kevin"]
[Black "Urban, Lars"]
[Result "0-1"]
[Termination "normal"]
[Board "5.1"]
[WhiteElo "2194"]
[BlackElo "2209"]
[WhiteClock "00:00:47"]
[BlackClock "00:04:14"]
[WhiteTeam "Württemberg"]
[BlackTeam "Thüringen"]
[PlyCount "66"]
[WhiteFideId "12906654"]
[BlackFideId "4644034"]
[EventCountry "GER"]
[EventRounds "7"]
[EventType "team-swiss"]
[EventDate "2016.09.30"]

1. e4 e6 2. d4 d5 3. Nd2 a6 4. Ngf3 Nf6 5. Bd3 c5 6. exd5 Qxd5 7. Bc4 Qd8 8.
dxc5 Bxc5 9. O-O Qc7 10. Qe2 b5 11. Bb3 O-O 12. a4 b4 13. Ne5 Nbd7 14. Ndf3
Nxe5 15. Nxe5 Bd6 16. Bf4 Bb7 17. Bg3 Ne4 18. Nc4 Nxg3 19. fxg3 Bc5+ 20. Kh1
Bd5 21. Nd2 Bd4 22. Rab1 Rfd8 23. Bxd5 Rxd5 24. Ne4 Qe5 25. Qf3 f5 26. Nd2 Rc8
27. Qb3 Qe2 28. Qxb4 Rxc2 29. Qe7 Bc5 30. Qe8+ Bf8 31. Rbe1 Qxd2 32. Qxe6+ Kh8
33. Rg1 Rd8 0-1

[Event "Deutsche Ländermeisterschaft 2016"]
[Site "Hannover GER"]
[Date "2016.10.02"]
[Round "2"]
[White "Nguyen, Huy Dat"]
[Black "Peng, Xiang-Tobias"]
[Result "0-1"]
[Termination "normal"]
[Board "5.2"]
[WhiteElo "2174"]
[BlackElo "2109"]
[WhiteClock "00:05:02"]
[BlackClock "00:11:29"]
[WhiteTeam "Thüringen"]
[BlackTeam "Württemberg"]
[PlyCount "130"]
[WhiteFideId "12923486"]
[BlackFideId "12964328"]
[EventCountry "GER"]
[EventRounds "7"]
[EventType "team-swiss"]
[EventDate "2016.09.30"]

1. e4 e5 2. Nf3 Nc6 3. Bc4 Bc5 4. c3 Nf6 5. d3 d6 6. Bb3 a6 7. h3 O-O 8. Bg5
Ba7 9. Nbd2 h6 10. Bh4 Be6 11. Qe2 Qe7 12. Bc2 Rad8 13. O-O g5 14. Bg3 Nh5 15.
Kh2 Nf4 16. Bxf4 gxf4 17. g3 Qf6 18. Nh4 Kh8 19. Ng2 Rg8 20. d4 fxg3+ 21. fxg3
Qg7 22. Qf3 exd4 23. Nf4 dxc3 24. bxc3 Ne5 25. Qg2 Be3 26. Rad1 Qg5 27. Nf3
Qxf4 28. gxf4 Bxf4+ 29. Kh1 Rxg2 30. Kxg2 Nc4 31. Nd4 Ne3+ 32. Kf3 Nxd1 33.
Nxe6 fxe6 34. Rxd1 Be5 35. c4 Rg8 36. Kf2 Rg3 37. Rd3 Rxd3 38. Bxd3 Kg7 39. Ke3
Kf6 40. Be2 Bb2 41. Kf4 Bc1+ 42. Kg3 Ke5 43. Bg4 b5 44. cxb5 axb5 45. Kf3 c5
46. Ke2 h5 47. Bxh5 Kxe4 48. Be8 b4 49. Bb5 d5 50. Kd1 Bg5 51. Kc2 Kd4 52. Bd7
e5 53. Be6 e4 54. Bf5 Ke3 55. Be6 d4 56. Bc4 d3+ 57. Kd1 Kd4 58. Bb5 e3 59. Ke1
Bh4+ 60. Kf1 e2+ 61. Kg2 e1=Q 62. Bc6 Qf2+ 63. Kh1 Bg3 64. Bg2 Qe1+ 65. Bf1
Qxf1# 0-1

[Event "Deutsche Ländermeisterschaft 2016"]
[Site "Hannover GER"]
[Date "2016.10.02"]
[Round "2"]
[White "Degenhard, Simon"]
[Black "Scheftlein, Richard"]
[Result "0-1"]
[Termination "normal"]
[Board "5.3"]
[WhiteElo "2042"]
[BlackElo "2092"]
[WhiteClock "00:30:19"]
[BlackClock "00:25:37"]
[WhiteTeam "Württemberg"]
[BlackTeam "Thüringen"]
[PlyCount "124"]
[WhiteFideId "12944017"]
[BlackFideId "12945609"]
[EventCountry "GER"]
[EventRounds "7"]
[EventType "team-swiss"]
[EventDate "2016.09.30"]

1. d4 Nf6 2. Nf3 d5 3. e3 Bf5 4. c4 c6 5. Qb3 Qb6 6. c5 Qxb3 7. axb3 Nbd7 8. b4
Bxb1 9. Rxb1 a6 10. Bd3 g6 11. Ra1 Rc8 12. Bd2 Bg7 13. Bc3 Ne4 14. Bxe4 dxe4
15. Nd2 f5 16. g4 e6 17. Nc4 O-O 18. Rg1 Nf6 19. gxf5 exf5 20. Nb6 Rcd8 21. Ke2
Nd5 22. Nc4 Rd7 23. h4 Nf6 24. Rad1 Rfd8 25. Rd2 Nh5 26. Nd6 Nf6 27. Rgd1 h5
28. Rg1 Kh7 29. Nc4 Nd5 30. f4 exf3+ 31. Kxf3 Re8 32. Rdg2 Re6 33. Bd2 Rde7 34.
Re2 Bxd4 35. Rge1 Bf6 36. e4 fxe4+ 37. Rxe4 Rxe4 38. Rxe4 Rxe4 39. Kxe4 Bxh4
40. Na5 Bd8 41. Nxb7 Bc7 42. Nd6 Kg7 43. Bg5 Bxd6 44. cxd6 Nb6 45. Ke5 Kf7 46.
d7 Nxd7+ 47. Kd6 Nf6 48. Kxc6 Ke6 49. Kb7 Kf5 50. Be3 Nd5 51. Bc5 h4 52. Kxa6
h3 53. Bg1 Nxb4+ 54. Kb5 Nd5 55. Kc5 Ke4 56. Bh2 g5 57. b3 g4 58. Kc4 Ne3+ 59.
Kc5 Nc2 60. Kc4 Nd4 61. b4 Nc2 62. b5 Na3+ 0-1

[Event "Deutsche Ländermeisterschaft 2016"]
[Site "Hannover GER"]
[Date "2016.10.02"]
[Round "2"]
[White "Weishäutel, Moritz"]
[Black "Leser, Katrin"]
[Result "1-0"]
[Termination "normal"]
[Board "5.4"]
[WhiteElo "1946"]
[BlackElo "2056"]
[WhiteClock "00:28:00"]
[BlackClock "00:04:05"]
[WhiteTeam "Thüringen"]
[BlackTeam "Württemberg"]
[PlyCount "79"]
[WhiteFideId "12967300"]
[BlackFideId "12997692"]
[EventCountry "GER"]
[EventRounds "7"]
[EventType "team-swiss"]
[EventDate "2016.09.30"]

1. e4 e5 2. Nf3 Nc6 3. Bb5 a6 4. Ba4 Nf6 5. O-O Be7 6. d3 b5 7. Bb3 d6 8. c3
O-O 9. Re1 Na5 10. Bc2 c5 11. Nbd2 Nc6 12. Nf1 Re8 13. h3 h6 14. d4 cxd4 15.
cxd4 exd4 16. Nxd4 Nxd4 17. Qxd4 Be6 18. Bf4 Rc8 19. Ne3 d5 20. e5 Nd7 21. Qd3
Nf8 22. Rad1 d4 23. Nf5 Bxf5 24. Qxf5 Bc5 25. Rd3 Qb6 26. Bb3 Qg6 27. Qxg6 Nxg6
28. e6 fxe6 29. Rxe6 Kh7 30. Bd2 Rxe6 31. Bxe6 Re8 32. Bf5 Rf8 33. Rf3 Rf6 34.
Bd3 Bd6 35. h4 h5 36. Rf5 Re6 37. Rg5 Be7 38. Rxg6 Rxg6 39. Bg5 Bd6 40. g4 1-0

[Event "Deutsche Ländermeisterschaft 2016"]
[Site "Hannover GER"]
[Date "2016.10.02"]
[Round "2"]
[White "Gaßmann, Linda"]
[Black "Grund, Sebastian"]
[Result "1-0"]
[Termination "normal"]
[Board "5.5"]
[WhiteElo "1899"]
[BlackElo "1859"]
[WhiteClock "00:14:26"]
[BlackClock "00:24:38"]
[WhiteTeam "Württemberg"]
[BlackTeam "Thüringen"]
[PlyCount "89"]
[WhiteFideId "12900451"]
[BlackFideId "12988626"]
[EventCountry "GER"]
[EventRounds "7"]
[EventType "team-swiss"]
[EventDate "2016.09.30"]

1. d4 Nf6 2. Nf3 g6 3. c4 c5 4. Nc3 cxd4 5. Nxd4 Bg7 6. g3 O-O 7. Bg2 Nc6 8.
O-O Qa5 9. Nc2 Ne5 10. Ne3 Nfg4 11. Nxg4 Nxg4 12. Qb3 Ne5 13. Nd5 Qc5 14. Ne3
Rb8 15. Qb5 Qc7 16. Bd2 a6 17. Qa4 d6 18. Rac1 Bd7 19. Qb3 Bc6 20. Nd5 Qd8 21.
Bg5 Bxd5 22. cxd5 h6 23. Be3 Qd7 24. h3 f5 25. f4 Nf7 26. Rc2 Rfc8 27. Rfc1 b5
28. Bf2 g5 29. Qd3 Rc4 30. b3 Rxc2 31. Qxc2 e5 32. dxe6 Qxe6 33. e3 Bf6 34. Qc6
a5 35. Bd5 Qe8 36. Qc7 Rd8 37. Qxa5 gxf4 38. gxf4 Qf8 39. Rc7 Be7 40. Qc3 Re8
41. a4 bxa4 42. bxa4 Rb8 43. Kh2 Rb1 44. Rc8 Bd8 45. Bh4 1-0

[Event "Deutsche Ländermeisterschaft 2016"]
[Site "Hannover GER"]
[Date "2016.10.02"]
[Round "2"]
[White "Ratay, Meike"]
[Black "Brunner, Jan"]
[Result "0-1"]
[Termination "normal"]
[Board "5.6"]
[WhiteElo "1716"]
[BlackElo "1953"]
[WhiteClock "00:00:44"]
[BlackClock "00:04:07"]
[WhiteTeam "Thüringen"]
[BlackTeam "Württemberg"]
[PlyCount "136"]
[WhiteFideId "12977608"]
[BlackFideId "12981010"]
[EventCountry "GER"]
[EventRounds "7"]
[EventType "team-swiss"]
[EventDate "2016.09.30"]

1. e4 c5 2. Nf3 Nc6 3. Bb5 g6 4. Bxc6 dxc6 5. d3 Bg7 6. O-O Nf6 7. Nbd2 Nd7 8.
a4 e5 9. Nc4 Qe7 10. a5 Nf8 11. Be3 f6 12. Rb1 Ne6 13. c3 O-O 14. Qa4 Rd8 15.
Rfd1 Nf4 16. Bxf4 exf4 17. b4 cxb4 18. Qxb4 c5 19. Qb3 Kh8 20. Rd2 Rb8 21. Re1
Be6 22. Qa4 b5 23. axb6 axb6 24. Qb5 Bd7 25. Qb1 b5 26. Na5 Ra8 27. Nb3 c4 28.
dxc4 bxc4 29. Nbd4 Qa3 30. Qb2 Qxb2 31. Rxb2 Ra3 32. Rc1 Rda8 33. h3 h5 34. Rb4
R8a4 35. Rxa4 Rxa4 36. Rb1 Kg8 37. Kf1 Kf7 38. Nd2 f5 39. Rb7 Ke8 40. exf5 Bxd4
41. cxd4 Bxf5 42. Rc7 Bd3+ 43. Kg1 Ra1+ 44. Kh2 Rc1 45. f3 Kd8 46. Rc5 Rc2 47.
Ne4 Bf1 48. Kg1 Rc1 49. Kh2 Rc2 50. Kg1 Bxg2 51. Nd6 Bxf3 52. Rxc4 Rxc4 53.
Nxc4 Ke7 54. Kf2 Be4 55. Nd2 Bd5 56. h4 Kf6 57. Nf3 Kf5 58. Ne5 Bb7 59. Ke2 g5
60. hxg5 Kxg5 61. Kf2 Kf5 62. Nd3 Ba8 63. Ne5 Ke4 64. Ng6 Bd5 65. Nh4 Kxd4 66.
Ng6 Ke4 67. Nh4 Bf7 68. Ke2 Ke5 0-1

[Event "Deutsche Ländermeisterschaft 2016"]
[Site "Hannover GER"]
[Date "2016.10.02"]
[Round "2"]
[White "Kölle, Tobias"]
[Black "Schulz, Theresa Charlotte"]
[Result "1-0"]
[Termination "normal"]
[Board "5.7"]
[WhiteElo "1822"]
[BlackElo "1604"]
[WhiteClock "01:04:33"]
[BlackClock "00:14:01"]
[WhiteTeam "Württemberg"]
[BlackTeam "Thüringen"]
[PlyCount "55"]
[WhiteFideId "16207378"]
[BlackFideId "12952206"]
[EventCountry "GER"]
[EventRounds "7"]
[EventType "team-swiss"]
[EventDate "2016.09.30"]

1. d4 d5 2. c4 e6 3. Nc3 f5 4. cxd5 exd5 5. Nf3 c6 6. Bf4 Nf6 7. e3 Be7 8. Bd3
O-O 9. h3 Ne4 10. O-O b6 11. Rc1 Bb7 12. Ne5 Nd7 13. Nxd7 Qxd7 14. Nxd5 cxd5
15. Rc7 Qe6 16. Rxb7 Rfc8 17. Qa4 a5 18. Qd7 Qxd7 19. Rxd7 Bf6 20. Rxd5 g6 21.
g4 Nd2 22. Rd1 Nf3+ 23. Kh1 fxg4 24. hxg4 g5 25. Bg3 Be7 26. Be4 Nh4 27. Bxh4
gxh4 28. Rd7 1-0

[Event "Deutsche Ländermeisterschaft 2016"]
[Site "Hannover GER"]
[Date "2016.10.02"]
[Round "2"]
[White "Reuter, Elisa"]
[Black "Liu, Sijia Anna"]
[Result "1-0"]
[Termination "normal"]
[Board "5.8"]
[WhiteElo "1652"]
[BlackElo "1445"]
[WhiteClock "00:42:11"]
[BlackClock "00:29:23"]
[WhiteTeam "Thüringen"]
[BlackTeam "Württemberg"]
[PlyCount "135"]
[WhiteFideId "12995444"]
[BlackFideId "12989746"]
[EventCountry "GER"]
[EventRounds "7"]
[EventType "team-swiss"]
[EventDate "2016.09.30"]

1. e4 c5 2. Nf3 Nc6 3. Bb5 g6 4. Bxc6 bxc6 5. d3 Bg7 6. Nc3 Nf6 7. O-O O-O 8.
Be3 d6 9. h3 Rb8 10. Rb1 Qa5 11. Qd2 Qc7 12. Rfe1 Ba6 13. Bh6 d5 14. Bxg7 Kxg7
15. Na4 Rb5 16. Nc3 Rb6 17. e5 Nd7 18. e6 Nf6 19. Ng5 d4 20. Na4 Rb5 21. Nxf7
Ng8 22. b3 Qa5 23. Qxa5 Rxa5 24. Ne5 Bb5 25. Nd7 Rf5 26. Ndxc5 Nf6 27. Ra1 Nd5
28. Nb7 Ra6 29. Nbc5 Ra5 30. a3 Bxa4 31. Nxa4 Nb6 32. Nxb6 axb6 33. Re4 c5 34.
g3 Kf6 35. f4 g5 36. Kg2 gxf4 37. gxf4 Rd5 38. Kf3 Rd6 39. Kg4 Rxe6 40. Rxe6+
Kxe6 41. Re1+ Kf6 42. a4 b5 43. axb5 Rxb5 44. Re5 Ra5 45. Kh5 Ra1 46. Rxc5 Rh1
47. Kg4 Rg1+ 48. Kf3 Re1 49. h4 Rh1 50. b4 Rxh4 51. b5 Rh1 52. b6 Rb1 53. Rc6+
Kf5 54. Rh6 e6 55. Rxh7 Rxb6 56. Rf7+ Kg6 57. Rc7 Rb5 58. Ke4 Rf5 59. Rc4 Kf6
60. Rxd4 e5 61. Rd6+ Ke7 62. Kxf5 Kxd6 63. fxe5+ Kd5 64. Kf6 Kd4 65. e6 Kc3 66.
e7 Kxc2 67. e8=Q Kxd3 68. Qe5 1-0